| 000 | 00873nam a2200301 4500 | ||
|---|---|---|---|
| 001 | 2637054 | ||
| 003 | 000 | ||
| 005 | 20150402160203.0 | ||
| 007 | 000 | ||
| 008 | 000 | ||
| 010 | _a 74021868 | ||
| 020 | _a0444412867 | ||
| 035 | _a(OCoLC)ocm01802328 | ||
| 035 | _a(NNC)2637054 | ||
| 040 |
_aUOEL _cNRC _dZCU |
||
| 050 |
_aS600 _b.S64 1975 |
||
| 090 |
_aS600.4 _b.S6 |
||
| 100 | 1 |
_aSmith, L. P. _q(Lionel Percy), _d1914- |
|
| 245 | 1 | 0 |
_aMethods in agricultural meteorology / _cLionel P. Smith. |
| 260 |
_aAmsterdam ; _aNew York : _bElsevier Scientific Pub. Co., _c1975. |
||
| 300 |
_axii, 210 p. : _bill., port. ; _c25 cm. |
||
| 490 | 1 |
_aDevelopments in atmospheric science ; _v3 |
|
| 504 | _aIncludes bibliographical references. | ||
| 650 | 0 | _aMeteorology, Agricultural. | |
| 830 | 0 |
_aDevelopments in atmospheric science ; _v3. |
|
| 942 |
_2lcc _cLL |
||
| 999 |
_c3815 _d3815 |
||